000 01045cam a22003137a 4500
003 CHAP
005 20220817043254.0
008 971013s1970 r 00010 d
010 _a70171
011 _a71143
035 _a80697
040 _cCHAP
090 _aFolleto 11818
110 _aConfederación de Asociaciones Agrícolas del Estado de Sinaloa. Culiacán, Sin.
_926388
245 0 _aViabilidad del mercado de los Estados Unidos para el mango de exportación mexicano
260 _aCuliacán, Sin. :
_bLa Confederación,
_c[1970?]
300 _a15 h.
500 _aD9-204
590 _aBATCH-UPD
_b10
_c20130110
_lUCH01
_h1921
590 _aBATCH-UPD
_b10
_c20130410
_lUCH01
_h1247
590 _aBATCH-UPD
_b10
_c20130914
_lUCH01
_h1337
590 _aCONVERSION
_b10
_c20130109
_lUCH01
_h1339
650 0 4 _aMéxico
_xComercio
_zE.U.A.
650 1 4 _aExportación e importación
_zMéxico.
_939119
650 1 4 _aMango
_xMercadeo.
_970434
901 _aBK
942 _cFOLL
949 _aFolleto 11818
_bBC
_cFOLL
_d-33601
_eTS1
_i80697
_mD
_si
999 _c70171
_d70171